Contemporary Literary and Cultural Theory: From Structuralism to Ecocriticism (Record no. 11454)
[ view plain ]
| 000 -LEADER | |
|---|---|
| fixed length control field | 00446nam a22001697a 4500 |
| 003 - CONTROL NUMBER IDENTIFIER | |
| control field | OSt |
| 008 - FIXED-LENGTH DATA ELEMENTS--GENERAL INFORMATION | |
| fixed length control field | 220810b ||||| |||| 00| 0 eng d |
| 020 ## - INTERNATIONAL STANDARD BOOK NUMBER | |
| International Standard Book Number | 9788131727355 |
| 082 ## - DEWEY DECIMAL CLASSIFICATION NUMBER | |
| Classification number | 801.95 NAC |
| 100 ## - MAIN ENTRY--PERSONAL NAME | |
| Personal name | NAYAR, Pramod K. |
| 245 ## - TITLE STATEMENT | |
| Title | Contemporary Literary and Cultural Theory: From Structuralism to Ecocriticism |
| 250 ## - EDITION STATEMENT | |
| Edition statement | 52 ed. |
| 260 ## - PUBLICATION, DISTRIBUTION, ETC. (IMPRINT) | |
| Place of publication, distribution, etc | Noida |
| Name of publisher, distributor, etc | Pearson |
| Date of publication, distribution, etc | 2022 |
| 300 ## - PHYSICAL DESCRIPTION | |
| Extent | 278 p. |
| 650 ## - SUBJECT ADDED ENTRY--TOPICAL TERM | |
| Topical term or geographic name as entry element | English (H) |
| 942 ## - ADDED ENTRY ELEMENTS (KOHA) | |
| Source of classification or shelving scheme | Dewey Decimal Classification |
| Koha item type | Text Books |
| 942 ## - ADDED ENTRY ELEMENTS (KOHA) | |
| -- | 8 |
| Withdrawn status | Lost status | Source of classification or shelving scheme | Damaged status | Not for loan | Collection code | Home library | Current library | Date acquired | Source of acquisition | Currency | Cost, normal purchase price | Bill Number | Total Checkouts | Full call number | Acc. no. / Barcode | Date last seen | Date last borrowed | Actual Cost, discounted price | Bill Date | Koha item type |
|---|---|---|---|---|---|---|---|---|---|---|---|---|---|---|---|---|---|---|---|---|
| Dewey Decimal Classification | B.A Hons. English | PIET NCR College Library | PIET NCR College Library | 26/07/2022 | Kirti Prakashan | In Rupees | 345.00 | IN544 | 11 | 801.95 NAC | N2509 | 04/11/2024 | 21/10/2024 | 234.60 | 26/07/2022 | Text Books | ||||
| Dewey Decimal Classification | B.A Hons. English | PIET NCR College Library | PIET NCR College Library | 26/07/2022 | Kirti Prakashan | In Rupees | 345.00 | IN544 | 13 | 801.95 NAC | N2510 | 07/04/2025 | 03/04/2025 | 234.60 | 26/07/2022 | Text Books | ||||
| Dewey Decimal Classification | B.A Hons. English | PIET NCR College Library | PIET NCR College Library | 26/07/2022 | Kirti Prakashan | In Rupees | 345.00 | IN544 | 10 | 801.95 NAC | N2511 | 12/09/2025 | 01/04/2025 | 234.60 | 26/07/2022 | Text Books | ||||
| Dewey Decimal Classification | B.A Hons. English | PIET NCR College Library | PIET NCR College Library | 26/07/2022 | Kirti Prakashan | In Rupees | 345.00 | IN544 | 801.95 NAC | N2512 | 10/08/2022 | 234.60 | 26/07/2022 | Text Books | ||||||
| Dewey Decimal Classification | B.A Hons. English | PIET NCR College Library | PIET NCR College Library | 26/07/2022 | Kirti Prakashan | In Rupees | 345.00 | IN544 | 12 | 801.95 NAC | N2513 | 19/03/2025 | 11/03/2025 | 234.60 | 26/07/2022 | Text Books |